书目信息 |
| 题名: |
拉曼光谱及其在结构生物学中的应用
|
|
| 作者: | 许以明 编著 | |
| 分册: | ||
| 出版信息: | 北京 化学工业出版社 2005.02 |
|
| 页数: | 151页 | |
| 开本: | 26cm | |
| 丛书名: | ||
| 单 册: | ||
| 中图分类: | Q617 | |
| 科图分类: | ||
| 主题词: | 喇曼光谱法--应用--生物结构--高等学校--教材 | |
| 电子资源: | ||
| ISBN: | 7-5025-6429-2 | |
| 000 | 00752nam0 2200217 450 | |
| 001 | 0165147218 | |
| 005 | 20050925134340.96 | |
| 010 | @a7-5025-6429-2@dCNY20.00 | |
| 100 | @a20050425d2005 km y0chiy0120 ea | |
| 101 | 0 | @achi |
| 102 | @aCN@b110000 | |
| 105 | @aa z 000yy | |
| 200 | 1 | @a拉曼光谱及其在结构生物学中的应用@Ala man guang pu ji qi zai jie gou sheng wu xue zhong de ying yong@f许以明编著@Fxu yi ming bian zhu |
| 210 | @a北京@c化学工业出版社@d2005.02 | |
| 215 | @a151页@c图@d26cm | |
| 330 | @a详细叙述了用拉曼谱研究蛋白质、生物膜以及病毒和细胞实用结构的成果。 | |
| 606 | 0 | @a喇曼光谱法@x应用@x生物结构@x高等学校@x教材 |
| 690 | @aQ617@v4 | |
| 701 | 0 | @a许以明@Axu yi ming@4编著 |
| 801 | 0 | @aCN@bQSSK@c20050925 |
| 905 | @a10447@dQ617@eX914 | |
| 拉曼光谱及其在结构生物学中的应用/许以明编著.-北京:化学工业出版社,2005.02 |
| 151页:图;26cm |
| ISBN 7-5025-6429-2:CNY20.00 |
| 详细叙述了用拉曼谱研究蛋白质、生物膜以及病毒和细胞实用结构的成果。 |
| ● |
| 相关链接 |
|
|
|
正题名:拉曼光谱及其在结构生物学中的应用
索取号:Q617/X914
 
预约/预借
| 序号 | 登录号 | 条形码 | 馆藏地/架位号 | 状态 | 备注 |
| 1 | 572718 | 205727187 | 自科库401/401自科库 30排2列4层/ [索取号:Q617/X914] | 在馆 | |
| 2 | 572719 | 205727196 | 自科库401/401自科库 30排2列4层/ [索取号:Q617/X914] | 在馆 | |
| 3 | 572720 | 205727203 | 自科库401/401自科库 30排2列4层/ [索取号:Q617/X914] | 在馆 |